000 00644nam a2200205 a 4500
005 20251111063903.0
008 991125s1977 es 000 0 spa u
020 _a8425206537
035 _aUPN01000012040
049 _aCG
050 4 _aNX165
_aR4.28
100 1 _aRevault D'Allonnes, Olivier,
_d1923-
245 1 0 _aCreación artística y promesas de libertad /
_cO. Revault D'Allonnes ; tr. de Josep Elias.
260 _aBarcelona, Esp. :
_bG. Gili,
_c1977.
300 _a286 p. :
_bil.
440 0 _aComunicación visual
650 4 _aArte
_xPsicología
_92507
650 2 _aCreación (literaria, artística, etc.)
_95738
905 _aLibro
999 _c12040
_d12040